Normal view
MARC view
Entry Topical Term
001 - CONTROL NUMBER
- control field: 4216
003 - CONTROL NUMBER IDENTIFIER
- control field: BD-RjUL
005 - DATE AND TIME OF LATEST TRANSACTION
- control field: 20220802102105.0
008 - FIXED-LENGTH DATA ELEMENTS
- fixed length control field: 220802|| aca||aabn | a|a d
040 ## - CATALOGING SOURCE
- Original cataloging agency: BD-RjUL
- Transcribing agency: BD-RjUL
150 ## - HEADING--TOPICAL TERM
- Topical term or geographic name entry element: Morphology
- Form subdivision: Cartharoides
- General subdivision: Anatomy
670 ## - SOURCE DATA FOUND
- Source citation: Work cat.: (BD-RjUL)80151: Queen, Mst. Kasturi Amina 4215, Morpholgy and Anatomy of Some Fireflies (Coleoptera :, 2004